000 01346nam0a2200313 4500
001 RU\NLR\b_ik\166011
005 20250616230343.0
010 _a5-98180-373-8
_9600
035 _a(NLR Aleph) 002238793
090 _a3529072
_c3529072
100 _a20080201d2007 |||y0rusy50 ca
101 0 _aeng
_drus
102 _aRU
105 _aa |||||||||
200 1 _aInhomogeneous structure of lower ionosphere and radio wave propagation
_fG.M. Teptin, Yu.M. Stenin
210 _aKazan
_cКазан. гос. ун-т им. В.И. Ульянова-Ленина
_d2007
215 _a149 с.
_cил.
_d21
300 _aВ вып. дан.: Неоднородная структура нижней ионосферы и рассеяние радиоволн / Тептин Г.М., Стенин Ю.М.
300 _aРез. на рус. яз.
320 _aБиблиогр.: с. 139-148
517 0 _aНеоднородная структура нижней ионосферы и рассеяние радиоволн
606 1 _aРадиоволны
_xРассеяние ионосферой
_91528356
_3RU\NLR\AUTH\66966721
686 1 _aЗ841-019.04
700 1 _aTeptin
_bG. M.
_gGerman Michajlovič
_4070
701 1 _aStenin
_bJ. M.
_gJurij Michajlovič
_4070
801 0 _aRU
_bNLR
_c20080201
_gRCR
942 _cBOOK
980 _aNB